¿Articular la vida desde el CIEM?: seis años de la Boletina Informativa, 2009-2014
Kaydedildi:
| Diğer Yazarlar: | |
|---|---|
| Materyal Türü: | Kitap |
| Dil: | Spanish |
| Baskı/Yayın Bilgisi: |
[San José, Costa Rica] : Universidad de Costa Rica, Centro de Investigación en Estudios de la Mujer
2015
|
| Konular: | |
| Etiketler: |
Etiketle
Etiket eklenmemiş, İlk siz ekleyin!
|
MARC
| LEADER | 00000nam a22000007a 4500 | ||
|---|---|---|---|
| 001 | 305.42 A784a | ||
| 003 | 000848 | ||
| 005 | 20221231144041.0 | ||
| 008 | 160224b2015 cr a|||| |||| 00| ||spa d | ||
| 040 | |c cru CEDI | ||
| 245 | |a ¿Articular la vida desde el CIEM?: seis años de la Boletina Informativa, 2009-2014 | ||
| 260 | |a [San José, Costa Rica] : Universidad de Costa Rica, Centro de Investigación en Estudios de la Mujer |c 2015 | ||
| 300 | |a 132 p. | ||
| 505 | |r Martínez Rocha, Eida, comp. y edit. | ||
| 648 | |x MUJERES |x SEXISMO EN EL LENGUAJE |x VIOLENCIA CONTRA LAS MUJERES |x GENERO |x MUJERES INDIGENAS |x SUFRAGIO FEMENINO |x PARTICIPACION POLITICA |9 3309 | ||
| 700 | |9 3310 |a Martínez Rocha, Eida | ||
| 942 | |2 ddc |c BK | ||
| 999 | |c 16154 |d 16154 | ||
